Normal view
MARC view
Entry Personal Name
001 - CONTROL NUMBER
- control field: 641254
003 - CONTROL NUMBER IDENTIFIER
- control field: OSt
005 - DATE AND TIME OF LATEST TRANSACTION
- control field: 20221005132521.0
008 - FIXED-LENGTH DATA ELEMENTS
- fixed length control field: 221005|| aca||aabn | a|a d
040 ## - CATALOGING SOURCE
- Original cataloging agency: OSt
- Transcribing agency: OSt
100 ## - HEADING--PERSONAL NAME
- Personal name: Hugel Baron Charles
670 ## - SOURCE DATA FOUND
- Source citation: Work cat.: (OSt)1063876: Hugel Baron Charles, Travels in Kashmir and the Punjab containing a particular account of the government and character of the Sikhs tr by T B Jervis., 1800
